000 00604nam a2200217Ia 4500
005 20250108125022.0
008 008 250107s9999 xx 000 0 eng d
020 _a976-52-85336-11-5
037 _aTB
040 _aCRL
_beng
_cCRL
041 _aeng
_2eng
084 _aV2,8.N P9
084 _qCRL
245 0 _aPower of the possible auriela mccarthy: true stories of healing and transcendence
260 _aAhmedabad, India
_bJaico Publishing House
_c3025
300 _a168p.
365 _aINR
_b450
650 _aPSYCHOLOGY
942 _cTB
_hV2,8.N P9
999 _c1235413
_d1235413